Jazykové zručnosti písanie verzus hovorenie
Vzťah medzi hovoreným a písaným jazykom. Rozdiely medzi hovorením a písaním. Vplyv moderných technológií na zručnosti hovorenia a písania.
Gespeichert in:
| 1. Verfasser: | |
|---|---|
| Format: | Buchkapitel |
| Sprache: | Slowakisch |
| Schlagworte: | |
| Tags: |
Keine Tags, Fügen Sie das erste Tag hinzu!
|
MARC
| LEADER | 00000nla a2200000 4500 | ||
|---|---|---|---|
| 001 | 0208984 | ||
| 005 | 20240502073454.5 | ||
| 041 | 0 | |a slo | |
| 044 | |a SK | ||
| 245 | 1 | 0 | |a Jazykové zručnosti písanie verzus hovorenie |c Eva Stradiotová |
| 520 | |a Vzťah medzi hovoreným a písaným jazykom. Rozdiely medzi hovorením a písaním. Vplyv moderných technológií na zručnosti hovorenia a písania. | ||
| 610 | 2 | 0 | |a jazykoveda |
| 610 | 2 | 0 | |a komunikácia |
| 610 | 2 | 0 | |a komunikácia verbálna |
| 610 | 2 | 0 | |a študenti |
| 610 | 2 | 0 | |a učitelia |
| 610 | 2 | 0 | |a technológie informačné |
| 610 | 2 | 0 | |a technológie komunikačné |
| 100 | 1 | |a Stradiotová, Eva, 1963- | |